| 000 -ლიდერი |
| ფიქსირებული სიგრძის საკონტროლო ველი |
01171nam a22002297a 4500 |
| 003 - საკონტროლო ნომრის იდენტიფიკატორი |
| საკონტროლო ველი |
Ge_BSU |
| 005 - ბოლო ოპერაციის თარიღი და დრო |
| საკონტროლო ველი |
20230921163248.0 |
| 008 - ფიქსირებული სიგრძის მონაცემთა ელემენტები - ზოგადი ინფორმაცია |
| ფიქსირებული სიგრძის საკონტროლო ველი |
230921s2019 ge ||||| |||| 00| 0 geo d |
| 020 ## - წიგნის საერთაშორისო სტანდარტული ნომერი |
| International Standard Book Number |
9789941474590 |
| 041 ## - ენის კოდი |
| Language code of text/sound track or separate title |
geo |
| 080 ## - უნივერსალური ათობითი კლასიფიკაციის ინდექსი |
| Universal Decimal Classification number |
821=353.1 ა-45 |
| 100 ## - მთავარი ჩანაწერი - პიროვნების სახელი |
| Personal name |
ალ-ჰაქიმი, თავფიკ |
| 9 (RLIN) |
19861 |
| 245 ## - ცნობა სათაურის შესახებ |
| Title |
ჩიტი აღმოსავლეთიდან : |
| Remainder of title |
უმ ჰაშიმის კანდელი / |
| Statement of responsibility, etc |
ტავფიკ ალ-ჰაქიმი, იაჰია ჰაკკი; არაბულიდან თარგმნა დარეჯან გარდავაძემ. |
| 264 ## - წარმოების, გამოცემის, დისტრიბუციის და სხვა ცნობები |
| გამოცემის, წარმოების, დისტრიბუციის... ადგილი |
ბათუმი : |
| გამოცემის, წარმოების, დისტრიბუციის... სახელწოდება |
წიგნები ბათუმში, |
| გამოცემის, წარმოების, დისტრიბუციის... თარიღი |
2019. |
| 300 ## - ფიზიკური აღწერა |
| Extent |
217 გვ.; |
| Other physical details |
21 სმ. |
| 490 ## - სერიის ცნობა |
| Series statement |
აღმოსავლური ბიბლიოთეკა. |
| 653 ## - INDEX TERM--UNCONTROLLED |
| Uncontrolled term |
არაბული რომანი |
| 653 ## - INDEX TERM--UNCONTROLLED |
| Uncontrolled term |
არაბული ლიტერატურა |
| 700 ## - ADDED ENTRY--PERSONAL NAME |
| Personal name |
ჰაკკი, იაჰია |
| Relator term |
ავტორი |
| 9 (RLIN) |
19862 |
| 700 ## - ADDED ENTRY--PERSONAL NAME |
| Personal name |
გარდავაძე, დარეჯან |
| Relator term |
მთარგმნელი |
| 9 (RLIN) |
2409 |
| 942 ## - ADDED ENTRY ELEMENTS (KOHA) |
| Source of classification or shelving scheme |
|
| Koha item type |
წიგნი |